The second treatise of government
Saved in:
| Main Author: | |
|---|---|
| Other Authors: | |
| Format: | Book |
| Language: | English |
| Published: |
Indianapolis :
Bobbs-Merrill Educational Publishing,
[1977], c1952.
|
| Series: | (The library of liberal arts)
|
| Subjects: | |
| Tags: |
Add Tag
No Tags, Be the first to tag this record!
|
MARC
| LEADER | 00000cam a2200000 i 4500 | ||
|---|---|---|---|
| 001 | 1/16752 | ||
| 008 | 111123r19771952inu| ||| |||| ||eng|| | ||
| 020 | |a 0672601931 | ||
| 035 | |l 10111469 | ||
| 040 | |a GR-MyUa |b gre |e AACR2 | ||
| 041 | 0 | |a eng | |
| 082 | 7 | |a 320.1 |2 (22) | |
| 100 | 1 | |a Locke, John, |d 1632-1704. | |
| 245 | 1 | 4 | |a The second treatise of government / |c John Locke ; edited, with an introduction, by Thomas P. Peardon. |
| 260 | |a Indianapolis : |b Bobbs-Merrill Educational Publishing, |c [1977], c1952. | ||
| 300 | |a xxviii, 139 σ. ; |c 21 εκ. | ||
| 490 | 1 | |a (The library of liberal arts) | |
| 500 | |a Originally published in 1690. | ||
| 504 | |a Βιβλιογραφία: σ. xxiii-xxv. | ||
| 650 | 0 | |a Political science. | |
| 700 | 1 | |a Peardon, Thomas Preston, |d 1899- |e edt | |
| 767 | 0 | 8 | |i Μεταφρασμένο ως: |t Δεύτερη πραγματεία περί κυβερνήσεως : |
| 852 | |a INST |b LESVOS |e 20111123 |h 320.1 LOC |p 005100050949 |q 005100050949 |t BK |y 0 | ||
| 901 | |a BIBL1-2011-3 | ||
| 970 | |a ΤΖΑΦΕΡΗ |b ΕΥΑΓΓΕΛΙΑ |z 2011/11/24 | ||